000 01464nam a2200373 a 4500
001 ebr10265981
003 CaPaEBR
006 m u
007 cr cn|||||||||
008 070720s2008 ilua sb 001 0 eng
010 _z 2007030145
020 _z9780226855691 (cloth : alk. paper)
020 _z0226855694 (cloth : alk. paper)
040 _aCaPaEBR
_cCaPaEBR
035 _a(OCoLC)310981180
050 1 4 _aQB468
_b.V54 2008eb
082 0 4 _a523.01/976
_222
100 1 _aVietri, Mario.
245 1 0 _aFoundations of high-energy astrophysics
_h[electronic resource] /
_cMario Vietri.
260 _aChicago :
_bUniversity of Chicago Press,
_c2008.
300 _axvii, 554 p. :
_bill.
490 1 _aTheoretical astrophysics
504 _aIncludes bibliographical references (p. 533-542) and index.
533 _aElectronic reproduction.
_bPalo Alto, Calif. :
_cebrary,
_d2013.
_nAvailable via World Wide Web.
_nAccess may be limited to ebrary affiliated libraries.
650 0 _aAstrophysics
_vTextbooks.
650 0 _aInfrared astronomy
_vTextbooks.
650 0 _aX-ray astronomy
_vTextbooks.
650 0 _aGamma ray astronomy
_vTextbooks.
650 0 _aParticles (Nuclear physics)
_vTextbooks.
655 7 _aElectronic books.
_2local
710 2 _aebrary, Inc.
830 0 _aTheoretical astrophysics.
856 4 0 _uhttp://site.ebrary.com/lib/rucke/Doc?id=10265981
_zAn electronic book accessible through the World Wide Web; click to view
999 _c10550
_d10550